| 000 | 00318nam a22001097a 4500 | ||
|---|---|---|---|
| 082 |
_a297 _bNAL _cM |
||
| 100 |
_aNalvi, Hazrat Allama Mufti Syed Muhammad Hussain _951122 |
||
| 245 | _aرسائل نیلوی | ||
| 260 |
_aSargadu, _bIdara Gulistan, _c2000. |
||
| 526 |
_a0 _b0 _c0 _d297_000000000000000_NAL |
||
| 942 |
_2ddc _cBK |
||
| 999 |
_c553874 _d553874 |
||